Loading...
Harward Law Review,1937-1938,vol.51
| Published: |
Cambridge
Harward Law Review Association
1938
|
|---|
| LEADER | 00321nam a22000977a 4500 | ||
|---|---|---|---|
| 074 | |a 1469 | ||
| 245 | |a Harward Law Review,1937-1938,vol.51 | ||
| 260 | |a Cambridge |b Harward Law Review Association |c 1938 | ||
| 300 | |a lvi,1476p. | ||
| 999 | |c 2964 |d 2964 | ||
| 952 | |0 0 |1 0 |4 0 |7 0 |9 3976 |a NUALS |b NUALS |d 2009-12-15 |l 0 |p 1469 |r 2013-04-11 |t 1 |w 2013-04-11 |y SERIALS | ||